[Event "Nairobi op"]
[Site "Nairobi"]
[Date "2023.04.06"]
[Round "2"]
[White "Nyamiaka, Haden"]
[Black "Collins, Jerry"]
[Result "0-1"]
[WhiteElo "1425"]
[BlackElo "1626"]
[PlyCount "46"]
[EventDate "2023.04.06"]
[EventType "swiss"]
[EventRounds "9"]
[EventCountry "KEN"]
[SourceTitle "EXT 2024"]
[Source "ChessBase"]
[SourceDate "2023.10.10"]
[SourceVersion "1"]
[SourceVersionDate "2023.10.10"]
[SourceQuality "1"]

1. e4 Nc6 2. d4 e5 3. d5 Nce7 4. Nf3 Ng6 5. Nc3 Bb4 6. Bd2 Nf6 7. Bd3 a6 8. a3 Bc5 9. b4 Ba7 10. 0-0 d6 11. Ne2 Nh5 12. Nc3 Nhf4 13. Bxf4 Nxf4 14. Ne2 Ng6 15. Ng3 0-0 16. c4 Nf4 17. Qc2 Bg4 18. Nd2 h5 19. Kh1 Qg5 20. f3 Bd7 21. Nb3 h4 22. Nf5 g6 23. Nxh4 Nh5 0-1

[Event "KEN-ch"]
[Site "Nairobi"]
[Date "2022.12.27"]
[Round "3"]
[White "Collins, Jerry"]
[Black "Njoroge, Dadson Rwamba"]
[Result "0-1"]
[WhiteElo "1647"]
[BlackElo "1359"]
[PlyCount "75"]
[EventDate "2022.12.26"]
[EventType "swiss"]
[EventRounds "9"]
[EventCountry "KEN"]
[SourceTitle "EXT 2024"]
[Source "ChessBase"]
[SourceDate "2023.10.10"]
[SourceVersion "1"]
[SourceVersionDate "2023.10.10"]
[SourceQuality "1"]

1. d4 Nf6 2. Bf4 c6 3. c3 Qb6 4. Qc2 d5 5. Nd2 g6 6. f3 Nh5 7. Bg5 h6 8. Bh4 Bf5 9. e4 dxe4 10. g4 e3 11. Nc4 Bxc2 12. Nxb6 axb6 13. gxh5 gxh5 14. Bc4 b5 15. Be2 Bf5 16. f4 Be4 17. Bf3 Bxf3 18. Nxf3 Rg8 19. Rg1 Rg4 20. Rxg4 hxg4 21. Ne5 h5 22. a3 Bh6 23. Nd3 Nd7 24. Ke2 Nb6 25. Kxe3 Nd5+ 26. Ke4 f6 27. Rg1 Kf7 28. f5 b6 29. Bg3 Re8 30. Nf4 h4 31. Nxd5 cxd5+ 32. Kxd5 hxg3 33. Rxg3 Bc1 34. Kc6 Bxb2 35. Kxb5 Bxa3 36. Kxb6 e6 37. fxe6+ Rxe6+ 38. Kc7 0-1

[Event "KEN-ch"]
[Site "Nairobi"]
[Date "2021.12.27"]
[Round "4"]
[White "Collins, Jerry"]
[Black "Likoko, Elvis Wanasunia"]
[Result "1-0"]
[WhiteElo "1506"]
[BlackElo "1747"]
[PlyCount "57"]
[EventDate "2021.12.26"]
[EventType "swiss"]
[EventRounds "9"]
[EventCountry "KEN"]
[SourceTitle "EXT 2023"]
[Source "ChessBase"]
[SourceDate "2022.10.05"]
[SourceVersion "1"]
[SourceVersionDate "2022.10.05"]
[SourceQuality "1"]

1. d4 Nf6 2. Bf4 d6 3. e3 g6 4. Nc3 Bg7 5. e4 0-0 6. Qd2 c5 7. d5 a6 8. a4 Qb6 9. Ra2 Qb4 10. f3 e6 11. dxe6 Bxe6 12. Bxd6 Bxa2 13. Bxf8 Bxf8 14. Nxa2 Qxb2 15. c4 Qb1+ 16. Kf2 Nc6 17. Nc3 Qb4 18. Qc1 Bg7 19. Be2 Nh5 20. Nd5 Bd4+ 21. Kf1 Qb3 22. Bd1 Qa2 23. Ne2 Rb8 24. Nxd4 Nxd4 25. g4 Ng7 26. Nf6+ Kh8 27. Qh6 Qxc4+ 28. Kg2 Qa2+ 29. Kh3 1-0

[Event "KEN-ch"]
[Site "Nairobi"]
[Date "2021.12.27"]
[Round "3"]
[White "Shafat, Abdi Nasir Mohamed"]
[Black "Collins, Jerry"]
[Result "1-0"]
[WhiteElo "1804"]
[BlackElo "1506"]
[PlyCount "87"]
[EventDate "2021.12.26"]
[EventType "swiss"]
[EventRounds "9"]
[EventCountry "KEN"]
[SourceTitle "EXT 2023"]
[Source "ChessBase"]
[SourceDate "2022.10.05"]
[SourceVersion "1"]
[SourceVersionDate "2022.10.05"]
[SourceQuality "1"]

1. d4 d5 2. c4 Nc6 3. Nc3 e6 4. Nf3 Nf6 5. Bg5 Be7 6. e3 0-0 7. a3 a5 8. c5 Ne4 9. Nxe4 dxe4 10. Bxe7 Nxe7 11. Nd2 f5 12. Be2 Nd5 13. 0-0 Rf6 14. g3 Rh6 15. Re1 Qg5 16. Bf1 a4 17. Nc4 Bd7 18. Ne5 Be8 19. Bg2 Bh5 20. Qd2 Bg4 21. Nxg4 Qxg4 22. h3 Qg5 23. Qe2 c6 24. Qc2 Qe7 25. b3 axb3 26. Qxb3 g5 27. Ra2 Rf8 28. Rb2 f4 29. exf4 gxf4 30. Rxe4 fxg3 31. fxg3 Qf6 32. Qxb7 Kh8 33. Kh2 Qg6 34. Qxc6 Nf6 35. Qd6 Rg8 36. Qe5 Qg7 37. c6 Rh5 38. Qf4 Nxe4 39. Bxe4 Qxd4 40. Rb7 Qd8 41. Rd7 Qf8 42. c7 Qxf4 43. gxf4 h6 44. Rh7# 1-0

[Event "KEN-ch"]
[Site "Nairobi"]
[Date "2021.12.26"]
[Round "2"]
[White "Collins, Jerry"]
[Black "Riungu, Kevin"]
[Result "1-0"]
[WhiteElo "1506"]
[BlackElo "1759"]
[PlyCount "77"]
[EventDate "2021.12.26"]
[EventType "swiss"]
[EventRounds "9"]
[EventCountry "KEN"]
[SourceTitle "EXT 2023"]
[Source "ChessBase"]
[SourceDate "2022.10.05"]
[SourceVersion "1"]
[SourceVersionDate "2022.10.05"]
[SourceQuality "1"]

1. d4 c5 2. d5 Nf6 3. Nc3 g6 4. e4 d6 5. f4 Bg7 6. Nf3 a6 7. a4 Bg4 8. h3 Bxf3 9. Qxf3 Nbd7 10. Be2 0-0 11. 0-0 e6 12. dxe6 fxe6 13. Rd1 Qe7 14. Bc4 Nh5 15. Qg4 Bd4+ 16. Rxd4 cxd4 17. Bxe6+ Kh8 18. Nd5 Qe8 19. Bxd7 Qxe4 20. Qf3 Qxc2 21. a5 Rad8 22. Ba4 Qc5 23. b4 Qc4 24. Bb3 Qc8 25. Bb2 h6 26. Rc1 Qe6 27. Bxd4+ Ng7 28. Qc3 Qd7 29. Bxg7+ Qxg7 30. Qxg7+ Kxg7 31. Rc7+ Rf7 32. Ne7 d5 33. Bxd5 Rc8 34. Nf5+ gxf5 35. Rxf7+ Kg6 36. Rxb7 Rd8 37. Rb6+ Kg7 38. Be6 Rd4 39. g3 1-0